000 00436nam a2200157Ia 4500
008 230524s9999 xx 000 0 und d
082 _a658.45
_bBAR
100 _aPranab Bardhan
245 0 _aAwakening Giants : Feet of Clay (Assessing the Economic Rise of China & India)
250 _a2ND
260 _aNEW YORK
_bOxford
_c2011
300 _aVII;172
500 _aQuantity Number: 2
650 _aMiscellaneous
_91877
942 _cBK
999 _c49255
_d49255